My hope : (Record no. 5899)
[ view plain ]
| 000 -LEADER | |
|---|---|
| fixed length control field | 00685nam a2200253Ia 4500 |
| 001 - CONTROL NUMBER | |
| control field | 33605 |
| 003 - CONTROL NUMBER IDENTIFIER | |
| control field | GBCCL |
| 005 - DATE AND TIME OF LATEST TRANSACTION | |
| control field | 20241126110552.0 |
| 008 - FIXED-LENGTH DATA ELEMENTS--GENERAL INFORMATION | |
| fixed length control field | 870402s1979 enka 001 0 eng d |
| 020 ## - INTERNATIONAL STANDARD BOOK NUMBER | |
| International Standard Book Number | 084741213X |
| 035 ## - SYSTEM CONTROL NUMBER | |
| System control number | (OCoLC)15477828 |
| 040 ## - CATALOGING SOURCE | |
| Original cataloging agency | JFR |
| Transcribing agency | JFR |
| 049 ## - | |
| -- | LBBK |
| 082 ## - DEWEY DECIMAL CLASSIFICATION NUMBER | |
| Classification number | 811.54 |
| Item number | CLA |
| 092 ## - LOCALLY ASSIGNED DEWEY CALL NUMBER (OCLC) | |
| Classification number | 811.54 |
| Item number | C592 |
| 100 1# - MAIN ENTRY--PERSONAL NAME | |
| Personal name | Clark, Eugene L. |
| 9 (RLIN) | 10670 |
| 245 10 - TITLE STATEMENT | |
| Title | My hope : |
| Remainder of title | Poems / |
| Statement of responsibility, etc. | by Eugene L. Clark. |
| 260 ## - PUBLICATION, DISTRIBUTION, ETC. | |
| Place of publication, distribution, etc. | Nebraska: |
| Name of publisher, distributor, etc. | Back to the Bible, |
| Date of publication, distribution, etc. | c1979. |
| 300 ## - PHYSICAL DESCRIPTION | |
| Extent | 159 p. : |
| Other physical details | ill. ; |
| Dimensions | 18 cm. |
| 500 ## - GENERAL NOTE | |
| General note | Includes index. |
| 650 ## - SUBJECT ADDED ENTRY--TOPICAL TERM | |
| Topical term or geographic name entry element | Christian poetry, American |
| 9 (RLIN) | 4166 |
| 650 ## - SUBJECT ADDED ENTRY--TOPICAL TERM | |
| Topical term or geographic name entry element | American poetry |
| Chronological subdivision | 20th Century |
| 9 (RLIN) | 10671 |
| 942 ## - ADDED ENTRY ELEMENTS (KOHA) | |
| Source of classification or shelving scheme | Dewey Decimal Classification |
| Koha item type | Books |
| Koha issues (borrowed), all copies | 1 |
| Withdrawn status | Lost status | Source of classification or shelving scheme | Damaged status | Not for loan | Home library | Current Library | Shelving location | Date acquired | Total checkouts | Full call number | Barcode | Date last seen | Date last checked out | Copy number | Price effective from | Koha item type |
|---|---|---|---|---|---|---|---|---|---|---|---|---|---|---|---|---|
| Dewey Decimal Classification | GRACE BIBLE COLLEGE | GRACE BIBLE COLLEGE | General Studies | 2018-04-17 | 1 | 811.54 CLA | 003619 | 2025-05-01 | 2019-01-10 | c.1 | 2018-04-17 | Books |